000
00225 a2200097 4500
001
8581
100
_a
Mehmood Ahmed Khan
245
_a
Basair:Bachon key liay Islami Kahanyan
260
_a
_b
Ferozsons
_c
090
_c
6905
_d
6905
942
_a
NUST-CAE
_c
M
_c
33495
999
_c
243654
_d
243654